<?xml version="1.0" encoding="UTF-8"?>
<record
    xmlns:xsi="http://www.w3.org/2001/XMLSchema-instance"
    xsi:schemaLocation="http://www.loc.gov/MARC21/slim http://www.loc.gov/standards/marcxml/schema/MARC21slim.xsd"
    xmlns="http://www.loc.gov/MARC21/slim">

  <leader>01751nam a22001817a 4500</leader>
  <controlfield tag="008">120605t        xxu||||| |||| 00| 0 eng d</controlfield>
  <datafield tag="020" ind1=" " ind2=" ">
    <subfield code="a">8120320832</subfield>
  </datafield>
  <datafield tag="050" ind1=" " ind2=" ">
    <subfield code="a">HF5415.13.K64</subfield>
  </datafield>
  <datafield tag="100" ind1=" " ind2=" ">
    <subfield code="a">Kotler, Philip</subfield>
  </datafield>
  <datafield tag="245" ind1=" " ind2=" ">
    <subfield code="a">Marketing management. /</subfield>
    <subfield code="c">Philip Kotler</subfield>
  </datafield>
  <datafield tag="250" ind1=" " ind2=" ">
    <subfield code="a">11th ed.</subfield>
  </datafield>
  <datafield tag="260" ind1=" " ind2=" ">
    <subfield code="a">New Delhi:</subfield>
    <subfield code="b">Prentice Hall,</subfield>
    <subfield code="c">c2003.</subfield>
  </datafield>
  <datafield tag="300" ind1=" " ind2=" ">
    <subfield code="a">xxix, 706 p+various pagings:</subfield>
    <subfield code="b">ill;</subfield>
    <subfield code="c">25cm.</subfield>
  </datafield>
  <datafield tag="500" ind1=" " ind2=" ">
    <subfield code="a">Includes index</subfield>
  </datafield>
  <datafield tag="505" ind1=" " ind2=" ">
    <subfield code="a">Contents: Understanding marketing management -- Defining marketing for the twenty-first century -- Adapting marketing to the new economy -- Building customer satisfaction, value, and retention -- Analyzing marketing opportunities -- Winning market-oriented strategic planning -- Gathering information and measuring market demand -- Scanning the marketing environment -- Analyzing consumer markets and behavior -- Analyzing business markets and business buying behavior -- Dealing with the competition -- Identifying market segments and selecting target markets -- Developing market strategies -- Positioning and differentiating the market offering through the product life cycle -- Developing new market offerings -- Designing global market offerings -- Shaping the market offering -- Setting the product and branding strategy -- Designing and managing services -- Developing price strategies and programs -- Managing and delivering marketing programs -- Designing and managing value networks and marketing channels -- Managing retailing, wholesaling, and market logistics -- Managing integrated marketing communications -- Managing advertising, sales promotion, public relations, and direct marketing -- Managing the sales force -- Managing the total marketing effort. </subfield>
  </datafield>
  <datafield tag="650" ind1=" " ind2=" ">
    <subfield code="b">Marketing</subfield>
  </datafield>
  <datafield tag="942" ind1=" " ind2=" ">
    <subfield code="2">lcc</subfield>
    <subfield code="c">BK</subfield>
  </datafield>
  <datafield tag="999" ind1=" " ind2=" ">
    <subfield code="c">1083</subfield>
    <subfield code="d">8583</subfield>
  </datafield>
  <datafield tag="952" ind1=" " ind2=" ">
    <subfield code="0">0</subfield>
    <subfield code="1">0</subfield>
    <subfield code="2">lcc</subfield>
    <subfield code="4">0</subfield>
    <subfield code="7">0</subfield>
    <subfield code="a">WIUC-1</subfield>
    <subfield code="b">WIUC-1</subfield>
    <subfield code="c">GEN</subfield>
    <subfield code="d">2012-06-05</subfield>
    <subfield code="l">0</subfield>
    <subfield code="o">HF5415.13.K64</subfield>
    <subfield code="p">2814/12</subfield>
    <subfield code="r">2012-06-05 00:00:00</subfield>
    <subfield code="w">2012-06-05</subfield>
    <subfield code="y">BK</subfield>
  </datafield>
</record>
